Cannibals and kings : the origins of cultures
Αποθηκεύτηκε σε:
| Κύριος συγγραφέας: | |
|---|---|
| Μορφή: | Βιβλίο |
| Γλώσσα: | English |
| Δημοσίευση: |
New York :
Vintage Books,
1978
|
| Θέματα: | |
| Ετικέτες: |
Προσθήκη ετικέτας
Δεν υπάρχουν, Καταχωρήστε ετικέτα πρώτοι!
|
MARC
| LEADER | 00000cam a2200000 i 4500 | ||
|---|---|---|---|
| 001 | 1/86347 | ||
| 008 | 970505s1978 eng d | ||
| 020 | |a 0-394-72700-2 | ||
| 035 | |l 10006476 | ||
| 040 | |a GR-MY-UA |b gre |e aacr | ||
| 041 | 0 | |a eng | |
| 082 | 0 | |a 306 | |
| 100 | 1 | |a Harris, Marvin |d 1927- | |
| 245 | 1 | 0 | |a Cannibals and kings : |b the origins of cultures / |c Marvin Harris |
| 260 | |a New York : |b Vintage Books, |c 1978 | ||
| 300 | |a xiv, 351 σ.; |c 18 εκ. | ||
| 504 | |a Βιβλιογραφία: σ. [307]-335. Περιέχει ευρετήριο | ||
| 650 | 0 | 0 | |a Social evolution. |
| 650 | 0 | 0 | |a Culture |x Origin. |
| 650 | 0 | 0 | |a Human beings |x Effect of environment on. |
| 650 | 0 | 0 | |a Food supply. |
| 852 | |a INST |b LESVOS |e 19970505 |h 306 HAR |p 005100011396 |q 005100011396 |t BK |y 0 | ||
| 852 | |a INST |b LESVOS |e 20070529 |h 306 HAR |p 005100037326 |q 005100037326 |t BK |y 0 | ||
| 901 | |a BIBL1-2007-2 | ||
| 909 | |a Λ |b 009440 | ||
| 909 | |a Λ |b 132612 | ||